000 00979nam a2200265Ia 4500
999 _c65105
_d65105
003 GCL
005 20240530110807.0
008 140319s9999 xx 000 0 ara d
040 _aGCL /
_cGCL
082 0 4 _221
_a610.953 \
_bج ص
100 0 _aجالينوس
245 1 2 _aالصناعة الصغيرة /
_cجالينوس ؛ محمد سليم سالم ؛ محمد سليم سالم
260 _a[S.N] :
_bالهيئة المصرية العامة للكتاب ،
_c1988
300 _a221 ص. ؛
_c28 سم.
490 _aمنتخبات الاسكندراينين
_v0
650 0 4 _aالطب
650 0 4 _aالتراث
650 0 4 _aالتراث العربى
650 0 4 _aالعلوم
650 0 4 _aالعلوم عند العرب
650 0 4 _aالحضارة الاسلامية
700 0 _aمحمد سليم سالم
_eمحقق
700 0 _aحنين بن اسحاق ، ابو زيد حنين بن اسحاق العبادى المتطبب
942 _2ddc
_cBK